000 00397 a2200157 4500
020 _a9695191045
082 _a530.12
090 _c5987
_d5987
100 _aSmith,Wolfgang.
245 _aThe Quantum Enigma.
_bFinding the Hidden key.
_cWolfgang Smith.
250 _a1st
260 _aLahore.
_bSuhail Academy.
_c2005.
300 _a156p.
500 _aHardcover.
942 _aNBS
_cBK
_k530.12 SMI
999 _c348376
_d348376